000
00331nam a2200145Ia 4500
008
191201s2012 xx 000 0 und d
082
_a
658.4021
_b
BAE
100
_a
BADI, R.V
245
0
_a
Entrepreneurship
250
_a
2nd
260
_a
N. Delhi
_b
Vrinda Publications
_c
2012
300
_a
516
650
_a
BBA
942
_2
ddc
_c
BK
999
_c
5682
_d
5682